00254nam a2200109Ia 4500008004100000100001500041245003100056260001900087260000900106546001200115999001700127170619s9999 xx 000 0 und d aRaghavan V 0aMaterial Science and Engg. bNew Delhi: PHI c2002 aENGLISH c16555d16555